|
|
|
|
| LEADER |
00000nam a22000007a 4500 |
| 005 |
20190915143945.0 |
| 007 |
cr|||| |||| |
| 008 |
190915c20109999co fr|w s|||| 0|||b1spa d |
| 022 |
|
|
|a 2389-9441
|
| 035 |
|
|
|a 22020
|
| 040 |
|
|
|a vLex
|
| 090 |
|
|
|c 9527
|d 9527
|
| 245 |
0 |
0 |
|a Cuestiones de Filosofa̕
|h [Recurso electrn̤ico] /
|
| 256 |
|
|
|a Servicio en ln̕ea
|
| 260 |
|
|
|a Tunja:
|b Universidad Pedagg̤ica y Tecnolg̤ica de Colombia,
|c 2010 -
|
| 300 |
|
|
|a 1 recurso electrn̤ico
|
| 310 |
|
|
|a Bianual
|
| 506 |
1 |
|
|a Disponible solo en los productos indicados
|d vLex Global
|d vLex Global (Academic Edition, excluding Law Schools)
|d vLex Global (U.S. Academic Edition, Law Schools)
|d vLex Global (U.S. Academic Edition, excluding Law Schools)
|d vLex Global (Academic Edition, Law Schools)
|
| 650 |
0 |
4 |
|a Ciencias sociales
|z Colombia
|
| 740 |
0 |
|
|a vLex Revistas (Servicio en ln̕ea)
|
| 856 |
4 |
0 |
|u http://vlex.com/source/cuestiones-filosofia-22020
|z Acceso restringido
|
| 942 |
|
|
|c REV
|
| 999 |
0 |
|
|a Social Sciences
|